| 000 | 00501nam a2200169Ia 4500 | ||
|---|---|---|---|
| 999 |
_c36133 _d36133 |
||
| 003 | OSt | ||
| 005 | 20201214123126.0 | ||
| 008 | 190216s9999||||xx |||||||||||||| ||und|| | ||
| 040 | _coclc | ||
| 082 |
_a600 _bKER/H |
||
| 100 |
_aKerrod, Robin _97409 |
||
| 245 | 0 |
_aHamlyn All Colour Book Of Technology / _cRobin Kerrod |
|
| 260 |
_bHamlyn Publishing, _c1976. _aEngland: |
||
| 300 | _a110p | ||
| 650 | _aTechnology (applied Sciences) | ||
| 942 |
_cREF _2ddc _h600 _iKER/H _k600 _mKER/H |
||